[Event "European Individual Championships (Women)"]
[Site "Rijeka CRO"]
[Date "2010.03.07"]
[EventDate "2010.03.06"]
[Round "2"]
[Result "1-0"]
[White "Kubra Ozturk"]
[Black "Dalia Kanceljak"]
[WhiteElo "2260"]
[BlackElo "1939"]
[PlyCount "95"]

1. d4 Nf6 2. c4 g6 3. Nf3 Bg7 4. g3 O-O 5. Bg2 d6 6. O-O Nbd7
7. Nc3 c6 8. e4 e5 9. h3 Qb6 10. c5 dxc5 11. dxe5 Ne8 12. e6
fxe6 13. Ng5 Ne5 14. Na4 Qb5 15. f4 Nd3 16. e5 Nc7 17. Be4 c4
18. b3 Nxc1 19. Rxc1 cxb3 20. axb3 Nd5 21. Rf2 Bh6 22. Bd3 Qb4
23. Ne4 Qe7 24. Qe2 Bd7 25. h4 b6 26. Nac3 Nb4 27. Bc4 Rad8
28. Nf6+ Kh8 29. g4 Bg7 30. g5 b5 31. Bd3 Nxd3 32. Qxd3 Bc8
33. Qb1 Bxf6 34. gxf6 Qb4 35. Qc2 Bb7 36. Ne4 Rd4 37. Nc5 Bc8
38. Nd3 Qa3 39. Qc5 Qxc5 40. Nxc5 Rfd8 41. Kg2 Rb4 42. Rcc2
Kg8 43. Kf3 Rdd4 44. Ke3 Kf7 45. h5 gxh5 46. Rg2 a5 47. Rg7+
Kf8 48. Rcg2 1-0

[Event "European Individual Championships (Women)"]
[Site "Rijeka CRO"]
[Date "2010.03.08"]
[EventDate "2010.03.06"]
[Round "3"]
[Result "1-0"]
[White "Elisabeth Paehtz"]
[Black "Kubra Ozturk"]
[WhiteElo "2486"]
[BlackElo "2260"]
[PlyCount "72"]

1. e4 e5 2. Nf3 Nc6 3. Bb5 a6 4. Ba4 Nf6 5. Qe2 Qe7 6. O-O g6
7. c3 Bg7 8. Re1 b5 9. Bc2 O-O 10. d4 d6 11. a4 Bd7 12. d5 Na5
13. b4 Nb7 14. axb5 Bxb5 15. c4 Bd7 16. Nbd2 c5 17. dxc6 Bxc6
18. Ba3 Rfc8 19. Nb1 Qc7 20. Nc3 Bd7 21. Nd2 Be6 22. Bd3 Nh5
23. g3 Qd7 24. Qe3 f5 25. Bf1 f4 26. Qd3 Rf8 27. c5 fxg3
28. fxg3 Rad8 29. Nd5 dxc5 30. bxc5 Qf7 31. Qe3 Bh6 32. Qxh6
Qf2+ 33. Kh1 Rxd5 34. Re2 Qd4 35. c6 Nd6 36. Nb3 Qb6 1-0

[Event "European Individual Championships (Women)"]
[Site "Rijeka CRO"]
[Date "2010.03.09"]
[EventDate "2010.03.06"]
[Round "4"]
[Result "1-0"]
[White "Kubra Ozturk"]
[Black "Arlette van Weersel"]
[WhiteElo "2260"]
[BlackElo "2197"]
[PlyCount "129"]

1. Nf3 Nf6 2. c4 g6 3. b4 Bg7 4. Bb2 O-O 5. d4 d5 6. Nbd2 a5
7. b5 c6 8. e3 a4 9. Ba3 Be6 10. Rb1 dxc4 11. Bxc4 Bxc4
12. Nxc4 Nd5 13. Qd2 Qc7 14. O-O Rd8 15. b6 Qd7 16. e4 Nf6
17. Rfe1 Nh5 18. Rbd1 h6 19. e5 Qe6 20. Qb4 Nd7 21. Nfd2 Re8
22. g3 Nf8 23. Ne4 Nh7 24. Nc5 Qd5 25. Ne3 Qf3 26. Rd3 Ng5
27. Nd1 Qd5 28. Nc3 Nh3+ 29. Kf1 Qh1+ 30. Ke2 Qxh2 31. Nd1
Ng1+ 32. Kd2 Qg2 33. Kc1 Nh3 34. Re2 Ng5 35. Nxb7 Qf1 36. Red2
Ne4 37. Nc5 Nxd2 38. Rxd2 Qb5 39. Qxb5 cxb5 40. Rb2 f6 41. b7
Rab8 42. e6 f5 43. Rxb5 Bxd4 44. Nd7 Ba7 45. Bb2 Ng7 46. Bxg7
Kxg7 47. Kd2 Red8 48. Ne3 Rxd7+ 49. exd7 Rd8 50. Kc3 Kf6
51. Nc4 Bb8 52. Nb6 e6 53. Ra5 Ke7 54. Kc4 Kd6 55. Kb5 g5
56. Rxa4 h5 57. Rc4 Ke7 58. a4 f4 59. a5 fxg3 60. fxg3 Bxg3
61. a6 Bb8 62. Kc6 h4 63. Nc8+ Kf6 64. a7 Bxa7 65. Nxa7 1-0

[Event "European Individual Championships (Women)"]
[Site "Rijeka CRO"]
[Date "2010.03.10"]
[EventDate "2010.03.06"]
[Round "5"]
[Result "0-1"]
[White "Baira Kovanova"]
[Black "Kubra Ozturk"]
[WhiteElo "2385"]
[BlackElo "2260"]
[PlyCount "82"]

1. e4 e5 2. Nf3 Nc6 3. Bb5 a6 4. Ba4 Nf6 5. d3 d6 6. c3 g6
7. O-O Bg7 8. Re1 O-O 9. Bg5 h6 10. Bh4 b5 11. Bc2 g5 12. Bg3
Bg4 13. Nbd2 Ne7 14. Nf1 c5 15. d4 cxd4 16. cxd4 Nd7 17. Qd3
Nc6 18. N1d2 Qb6 19. a3 Rac8 20. d5 Nc5 21. Qf1 Ne7 22. b4 Nd7
23. Bb3 a5 24. h4 a4 25. Bd1 gxh4 26. Bxh4 Ng6 27. Bg3 f5
28. exf5 Bxf5 29. Nh4 Nxh4 30. Bxh4 Qd4 31. g4 Qxd2 32. gxf5
Qd4 33. Qxb5 Nb8 34. f6 Qxh4 35. Bxa4 Rxf6 36. Ra2 Qg4+
37. Kf1 Qh3+ 38. Ke2 Qf3+ 39. Kf1 Rcf8 40. Qb6 Qd3+ 41. Ree2
Qb1+ 0-1

[Event "European Individual Championships (Women)"]
[Site "Rijeka CRO"]
[Date "2010.03.11"]
[EventDate "2010.03.06"]
[Round "6"]
[Result "1/2-1/2"]
[White "Kubra Ozturk"]
[Black "Anastasia Bodnaruk"]
[WhiteElo "2260"]
[BlackElo "2384"]
[PlyCount "83"]

1. d4 Nf6 2. c4 g6 3. Nf3 Bg7 4. g3 O-O 5. Bg2 d6 6. Nc3 Nc6
7. O-O Bg4 8. d5 Na5 9. Nd2 c5 10. a3 Rc8 11. h3 Bd7 12. e4 e5
13. Qe2 Bh6 14. Rb1 Nh5 15. b3 Ng7 16. Nf3 Bxc1 17. Rfxc1 f5
18. Nd2 b6 19. Nb5 Bxb5 20. cxb5 Rc7 21. Rc3 fxe4 22. Nxe4 Nf5
23. Qg4 Nd4 24. Bf1 Rcf7 25. h4 Rf5 26. Rb2 Qe7 27. Qd1 Nf3+
28. Kg2 h5 29. Re3 Nb7 30. Bd3 R5f7 31. Be2 Nd4 32. Bd3 Nf3
33. Bf1 Nd8 34. Kh1 g5 35. Bg2 g4 36. Bxf3 Rxf3 37. Rxf3 Rxf3
38. Ng5 Rf6 39. Qd3 Qg7 40. Re2 Qh6 41. Kg2 Nf7 42. Qd2
1/2-1/2

[Event "European Individual Championships (Women)"]
[Site "Rijeka CRO"]
[Date "2010.03.12"]
[EventDate "2010.03.06"]
[Round "7"]
[Result "1-0"]
[White "Inga Charkhalashvili"]
[Black "Kubra Ozturk"]
[WhiteElo "2338"]
[BlackElo "2260"]
[PlyCount "113"]

1. d4 d5 2. c4 dxc4 3. Nf3 Nf6 4. e3 e6 5. Bxc4 c5 6. Qe2 a6
7. dxc5 Bxc5 8. O-O b5 9. Bd3 Nc6 10. Rd1 Qc7 11. Nc3 O-O
12. b3 Ne5 13. Nxe5 Qxe5 14. Bb2 Qg5 15. Ne4 Nxe4 16. Bxe4 Rb8
17. Rac1 Bb7 18. h4 Qe7 19. Bxh7+ Kxh7 20. Qh5+ Kg8 21. Rxc5
f5 22. Qg6 Rf7 23. Rdc1 Rd8 24. Rc7 Qxc7 25. Rxc7 Rxc7
26. Qxe6+ Rf7 27. Bd4 Rc8 28. h5 Rc1+ 29. Kh2 Rc6 30. Qe8+ Rf8
31. Qe7 Rf7 32. Qg5 Kh7 33. f3 Rh6 34. Kg1 Bc6 35. Kf2 a5
36. a3 Bd7 37. b4 a4 38. Be5 Re6 39. Bd4 Rc6 40. Kg3 Rh6
41. Kh2 Bc6 42. Be5 Bd7 43. Kg1 Bc6 44. Qh4 Re6 45. Qf4 Kg8
46. Qg3 Rh6 47. Bf4 Re6 48. h6 Kh7 49. hxg7 Rxg7 50. Qh3+ Kg6
51. e4 fxe4 52. fxe4 Rxe4 53. Qh6+ Kf7 54. Bg5 Rg4 55. Qf6+
Kg8 56. Qe6+ Rf7 57. Bh6 1-0

[Event "European Individual Championships (Women)"]
[Site "Rijeka CRO"]
[Date "2010.03.14"]
[EventDate "2010.03.06"]
[Round "8"]
[Result "1/2-1/2"]
[White "Kubra Ozturk"]
[Black "Nazi Paikidze"]
[WhiteElo "2260"]
[BlackElo "2322"]
[PlyCount "120"]

1. d4 Nf6 2. Nf3 e6 3. c4 Bb4+ 4. Nbd2 c5 5. g3 b6 6. Bg2 Bb7
7. O-O cxd4 8. Nb3 O-O 9. Nbxd4 Na6 10. a3 Be7 11. Bf4 Nc5
12. Nb5 d5 13. Bc7 Qc8 14. Bd6 Qd8 15. Bc7 Qc8 16. Bd6 Bxd6
17. Nxd6 Qc6 18. Nxb7 Qxb7 19. Nd4 Nce4 20. f3 Nd6 21. cxd5
exd5 22. Qd3 Rfe8 23. b3 Nd7 24. Nb5 Nxb5 25. Qxb5 Nc5 26. e4
a6 27. Qb4 Nd3 28. Qc3 dxe4 29. fxe4 Ne5 30. Rf5 f6 31. Rd1
Qe7 32. b4 Rac8 33. Qb3+ Kh8 34. Rf2 b5 35. h3 Qa7 36. Kf1 Nc4
37. Re2 Rcd8 38. Rd3 Rd4 39. Bf3 Red8 40. Rxd4 Qxd4 41. Kg2
Qa1 42. Ra2 Qe1 43. Be2 Rd4 44. Qf3 Ne5 45. Rc2 h6 46. Qf2
Qxf2+ 47. Kxf2 Nc4 48. Bxc4 bxc4 49. a4 Rxe4 50. b5 axb5
51. axb5 Re5 52. Rxc4 Rxb5 53. Kf3 h5 54. h4 Kh7 55. Ra4 Rb3+
56. Kg2 Kg6 57. Kh3 Re3 58. Ra7 Kh6 59. Kg2 Re4 60. Kf3 Rg4
1/2-1/2

[Event "European Individual Championships (Women)"]
[Site "Rijeka CRO"]
[Date "2010.03.15"]
[EventDate "2010.03.06"]
[Round "9"]
[Result "1/2-1/2"]
[White "Joanna Dworakowska"]
[Black "Kubra Ozturk"]
[WhiteElo "2356"]
[BlackElo "2260"]
[PlyCount "25"]

1. e4 e5 2. Nf3 Nc6 3. Bc4 Nf6 4. Ng5 d5 5. exd5 Na5 6. Bb5+
c6 7. dxc6 bxc6 8. Be2 h6 9. Nh3 Bd6 10. d3 O-O 11. O-O Rb8
12. Nc3 Bf5 13. Kh1 1/2-1/2

[Event "European Individual Championships (Women)"]
[Site "Rijeka CRO"]
[Date "2010.03.16"]
[EventDate "2010.03.06"]
[Round "10"]
[Result "0-1"]
[White "Kubra Ozturk"]
[Black "Maia Lomineishvili"]
[WhiteElo "2260"]
[BlackElo "2385"]
[PlyCount "90"]

1. d4 Nf6 2. c4 g6 3. Nf3 Bg7 4. g3 O-O 5. Bg2 d6 6. O-O Nc6
7. Nc3 Bf5 8. Ne1 Qd7 9. e4 Bh3 10. Nc2 e5 11. d5 Ne7 12. f4
Bxg2 13. Kxg2 exf4 14. gxf4 Nh5 15. f5 Kh8 16. Be3 Ng8 17. Qf3
Ngf6 18. Bd4 Qe7 19. Ne3 Nd7 20. Bxg7+ Kxg7 21. Ng4 f6 22. Qe3
g5 23. Ne2 Rfe8 24. Nf2 c5 25. dxc6 bxc6 26. Rad1 Nc5 27. Rd4
Rab8 28. b3 Kg8 29. Qf3 Ng7 30. Rfd1 Rbd8 31. Ng3 a5 32. Qc3
h5 33. Qf3 Nd7 34. Nxh5 Ne5 35. Qe2 Nxh5 36. Qxh5 Kg7 37. Qe2
Rh8 38. Qd2 Rxh2+ 39. Kxh2 Nf3+ 40. Kg2 Nxd2 41. R4xd2 Qe5
42. Rd3 Rh8 43. Rg3 Rh4 44. Rc1 Qb2 45. Rf3 g4 0-1

[Event "European Individual Championships (Women)"]
[Site "Rijeka CRO"]
[Date "2010.03.17"]
[EventDate "2010.03.06"]
[Round "11"]
[Result "0-1"]
[White "Antonina Trofimova"]
[Black "Kubra Ozturk"]
[WhiteElo "2182"]
[BlackElo "2260"]
[PlyCount "92"]

1. e4 e5 2. Nf3 Nc6 3. Bb5 a6 4. Ba4 Nf6 5. O-O b5 6. Bb3 Bb7
7. Re1 Bc5 8. c3 d6 9. d4 Bb6 10. h3 h6 11. d5 Ne7 12. Nbd2
O-O 13. Nf1 Ne8 14. Ng3 f5 15. Nxf5 Nxf5 16. exf5 Rxf5 17. Bc2
Rf7 18. b3 c6 19. dxc6 Bxc6 20. Be4 Bxe4 21. Rxe4 Rc8 22. Bd2
Nf6 23. Re1 e4 24. Nd4 b4 25. Rc1 Nd5 26. Rxe4 bxc3 27. Be1
Qf6 28. Qg4 Rcf8 29. Rc2 Re7 30. Rxe7 Qxe7 31. Re2 Qf6 32. Nf3
Nf4 33. Rc2 h5 34. Qg5 Nxh3+ 35. gxh3 Qxf3 36. Rxc3 Bxf2+
37. Kh2 Qe2 38. Qd5+ Kh8 39. Bxf2 Qxf2+ 40. Qg2 Qf4+ 41. Kh1
Qe5 42. Rc2 Qf5 43. Rd2 Rc8 44. Rf2 Rc1+ 45. Kh2 Qe5+ 46. Qg3
Rh1+ 0-1

[Event "World Junior Championship (Girls)"]
[Site "Chotowa POL"]
[Date "2010.08.03"]
[EventDate "2010.08.03"]
[Round "1"]
[Result "0-1"]
[White "Kubra Ozturk"]
[Black "Nazerke Rysbayeva"]
[WhiteElo "2286"]
[BlackElo "2052"]
[PlyCount "88"]

1. d4 Nf6 2. c4 e6 3. Nf3 b6 4. g3 Bb7 5. Bg2 Be7 6. O-O O-O
7. Nc3 Ne4 8. d5 Nxc3 9. bxc3 Bf6 10. Bb2 Na6 11. e4 d6
12. Qc2 Nc5 13. Rfe1 Re8 14. Nd4 e5 15. Nf5 Bc8 16. Ne3 Bg5
17. Bc1 Qd7 18. h4 Bxe3 19. Bxe3 Ba6 20. Bf1 Qa4 21. Qxa4 Nxa4
22. c5 Bxf1 23. cxd6 Bh3 24. dxc7 Nxc3 25. f3 Bd7 26. Rac1 Nb5
27. f4 f6 28. fxe5 fxe5 29. a4 Nd6 30. a5 bxa5 31. Bc5 Nb5
32. d6 a4 33. Re3 a6 34. Rf1 Rf8 35. Ref3 Rxf3 36. Rxf3 a3
37. Rf2 Be6 38. Kh2 a2 39. Rf1 Nc3 40. Ba3 Nxe4 41. Re1 Nd2
42. Rd1 e4 43. Bc5 Bd7 44. Bb4 e3 0-1

[Event "World Junior Championship (Girls)"]
[Site "Chotowa POL"]
[Date "2010.08.05"]
[EventDate "2010.08.03"]
[Round "3"]
[Result "1-0"]
[White "Kubra Ozturk"]
[Black "Irina Petrova"]
[WhiteElo "2286"]
[BlackElo "2014"]
[PlyCount "69"]

1. d4 Nf6 2. c4 g6 3. Nf3 Bg7 4. g3 O-O 5. Bg2 d6 6. O-O c6
7. Nc3 Qa5 8. d5 cxd5 9. cxd5 Bd7 10. Nd4 Rc8 11. a4 Na6
12. h3 Rc4 13. Be3 Ne8 14. Qd3 Rcc8 15. Ra3 Nc5 16. Qb1 Na6
17. Rc1 Rc4 18. Nb3 Qd8 19. Nd2 Bf5 20. Qa1 Rcc8 21. g4 Bd7
22. Nf3 f5 23. gxf5 Bxf5 24. Nd4 Qd7 25. Nxf5 Qxf5 26. Rb3 b6
27. Nb5 Nc5 28. Rb4 Qd7 29. Qa3 a6 30. Nd4 b5 31. Nc6 Nxa4
32. Bg5 Bf6 33. Qe3 Rc7 34. h4 Kg7 35. Bh3 1-0

[Event "World Junior Championship (Girls)"]
[Site "Chotowa POL"]
[Date "2010.08.06"]
[EventDate "2010.08.03"]
[Round "4"]
[Result "1-0"]
[White "Katharina Newrkla"]
[Black "Kubra Ozturk"]
[WhiteElo "2105"]
[BlackElo "2286"]
[PlyCount "82"]

1. e4 e5 2. Nf3 Nc6 3. Bb5 a6 4. Ba4 Nf6 5. O-O b5 6. Bb3 Bb7
7. Re1 Bc5 8. c3 d6 9. d4 Bb6 10. Be3 O-O 11. Nbd2 h6 12. h3
Rb8 13. a3 Re8 14. Bc2 Na7 15. Qb1 Nc8 16. a4 c5 17. d5 Ne7
18. Bd3 c4 19. Bxb6 Qxb6 20. Bf1 Bc8 21. axb5 axb5 22. b3 cxb3
23. Qxb3 Bd7 24. Qb4 Nh5 25. Reb1 Qc7 26. Ra6 Nc8 27. c4 Nb6
28. cxb5 f5 29. Rba1 Rb7 30. exf5 Nf6 31. Ne4 Nfxd5 32. Qxd6
Qc2 33. Nc5 Rc7 34. Nxd7 Rxd7 35. Qg6 Rb8 36. Nxe5 Rc7
37. Qe6+ Kh8 38. Nf7+ Kh7 39. Qg6+ Kg8 40. Nxh6+ Kf8 41. Qd6+
Ke8 1-0

[Event "World Junior Championship (Girls)"]
[Site "Chotowa POL"]
[Date "2010.08.07"]
[EventDate "2010.08.03"]
[Round "5"]
[Result "1/2-1/2"]
[White "Kubra Ozturk"]
[Black "Bodda Pratyusha"]
[WhiteElo "2286"]
[BlackElo "2073"]
[PlyCount "127"]

1. d4 Nf6 2. c4 e6 3. Nf3 d5 4. Nc3 Bb4 5. Qa4+ Nc6 6. e3 O-O
7. Bd2 dxc4 8. Bxc4 Bd6 9. Qc2 a6 10. a3 Qe7 11. Ng5 h6 12. h4
g6 13. Nge4 Nxe4 14. Qxe4 Kg7 15. h5 f5 16. Qc2 g5 17. Ba2 Qe8
18. Ne2 e5 19. Bc3 e4 20. O-O-O Kh7 21. Kb1 b5 22. Bd5 Bb7
23. g4 Nd8 24. Bxb7 Nxb7 25. gxf5 Rxf5 26. Rdf1 a5 27. Bd2 b4
28. a4 c5 29. f3 Qf7 30. Qxe4 Re8 31. Qc2 c4 32. Kc1 Kh8
33. f4 c3 34. bxc3 bxc3 35. Bxc3 Rxe3 36. d5+ Kg8 37. Bd4 Re8
38. Ng3 Bxf4+ 39. Kb1 Rxd5 40. Bb2 Nc5 41. Ne2 Rd2 42. Qxd2
Bxd2 43. Rxf7 Kxf7 44. Rf1+ Kg8 45. Ng3 Re1+ 46. Rxe1 Bxe1
47. Nf5 Kh7 48. Bg7 Nxa4 49. Bxh6 g4 50. Be3 Nc3+ 51. Kc2 Ne4
52. Kd3 Nf6 53. h6 Nd5 54. Bd4 Nf4+ 55. Ke4 Ng6 56. Bg7 Nh4
57. Nxh4 Bxh4 58. Kf4 g3 59. Kg4 g2 60. Bd4 Bf6 61. Bc5 Kxh6
62. Kf3 Be7 63. Be3+ Kg6 64. Kxg2 1/2-1/2

[Event "World Junior Championship (Girls)"]
[Site "Chotowa POL"]
[Date "2010.08.09"]
[EventDate "2010.08.03"]
[Round "6"]
[Result "1-0"]
[White "Marija Dragojevic"]
[Black "Kubra Ozturk"]
[WhiteElo "1986"]
[BlackElo "2286"]
[PlyCount "75"]

1. e4 e5 2. Nf3 Nc6 3. d4 exd4 4. Bc4 Nf6 5. O-O Nxe4 6. Re1
d5 7. Bxd5 Qxd5 8. Nc3 Qh5 9. Nxe4 Be6 10. Bg5 Bd6 11. Nxd6+
cxd6 12. Bf4 Qc5 13. c3 dxc3 14. Bxd6 Qh5 15. Ba3 cxb2 16. Rb1
Rd8 17. Qb3 Rd7 18. Qxb2 Kd8 19. Qxg7 Re8 20. Ng5 Qg6
21. Nxe6+ fxe6 22. Qc3 e5 23. Bc5 b6 24. Ba3 Re6 25. Rbc1 Qd3
26. Bb2 Qd5 27. a4 Rg6 28. Qh3 Rdg7 29. g3 Rd7 30. Qh4+ Ke8
31. Qh5 Re7 32. Ba3 Rf7 33. Qe2 Re6 34. Qg4 Kd7 35. Bb2 Kc7
36. Red1 Qb3 37. Qg8 Rd7 38. Bxe5+ 1-0

[Event "World Junior Championship (Girls)"]
[Site "Chotowa POL"]
[Date "2010.08.10"]
[EventDate "2010.08.03"]
[Round "7"]
[Result "1-0"]
[White "Kubra Ozturk"]
[Black "Ani Krumova"]
[WhiteElo "2286"]
[BlackElo "1916"]
[PlyCount "69"]

1. d4 Nf6 2. c4 g6 3. g3 Bg7 4. Bg2 O-O 5. e4 d6 6. Ne2 Na6
7. Nbc3 c5 8. O-O cxd4 9. Nxd4 Nc5 10. h3 Bd7 11. Nc2 Qc8
12. Kh2 Rb8 13. Qe2 a6 14. Rb1 b5 15. cxb5 axb5 16. Nb4 Be6
17. Ncd5 Nxd5 18. Nxd5 Qb7 19. Bg5 f6 20. Bd2 Bf7 21. b4 Ne6
22. Qd3 Qd7 23. Rbc1 Rb7 24. Be3 Nc7 25. f4 Nxd5 26. exd5 Rbb8
27. Rc6 Rfc8 28. Rfc1 Be8 29. Qc2 Rxc6 30. dxc6 Qc7 31. a4 e6
32. axb5 Rxb5 33. Qc4 Rb8 34. Qxe6+ Kh8 35. Bd5 1-0

[Event "World Junior Championship (Girls)"]
[Site "Chotowa POL"]
[Date "2010.08.11"]
[EventDate "2010.08.03"]
[Round "8"]
[Result "1-0"]
[White "Aleksandra Zmarzly"]
[Black "Kubra Ozturk"]
[WhiteElo "2026"]
[BlackElo "2286"]
[PlyCount "73"]

1. d4 d5 2. c4 dxc4 3. Nf3 Nf6 4. e3 c5 5. Bxc4 e6 6. O-O a6
7. a4 Nc6 8. Qe2 cxd4 9. Rd1 Qc7 10. exd4 Be7 11. Nc3 O-O
12. Bg5 b6 13. Rac1 Na5 14. Ba2 Qa7 15. d5 exd5 16. Nxd5 Nxd5
17. Bxd5 Bc5 18. Bxa8 Qxa8 19. Rd8 Rxd8 20. Bxd8 Be6 21. Rd1
h6 22. Bh4 Qc6 23. Rd8+ Kh7 24. Qc2+ f5 25. h3 Qe4 26. Qxe4
fxe4 27. Nd4 Bc4 28. Rd7 Kg6 29. Be7 Bxd4 30. Rxd4 Bd3 31. Bd8
Nc4 32. b3 Nd2 33. Rd6+ Kf5 34. Rxb6 h5 35. b4 Nb3 36. Rb7 g5
37. Rg7 1-0

[Event "World Junior Championship (Girls)"]
[Site "Chotowa POL"]
[Date "2010.08.12"]
[EventDate "2010.08.03"]
[Round "9"]
[Result "1-0"]
[White "Kubra Ozturk"]
[Black "Sanja Misovic"]
[WhiteElo "2286"]
[BlackElo "1907"]
[PlyCount "65"]

1. d4 Nf6 2. c4 e6 3. Nf3 b6 4. g3 Ba6 5. b3 Bb7 6. Bg2 Bb4+
7. Bd2 a5 8. O-O O-O 9. Nc3 Ne4 10. Nxe4 Bxe4 11. a3 Bxd2
12. Qxd2 d6 13. Rfd1 Nd7 14. Bf1 Qe7 15. Qe3 Bb7 16. Rac1 c5
17. Qd3 a4 18. bxa4 Rxa4 19. dxc5 bxc5 20. Qxd6 Qxd6 21. Rxd6
Nf6 22. Rd3 Rfa8 23. Ne5 Be4 24. Rb3 Rxa3 25. Rb5 R3a5 26. f3
Bg6 27. e4 Kf8 28. Rcb1 Ra1 29. Rxa1 Rxa1 30. Rxc5 Ke7 31. Rb5
Kd6 32. Nxg6 hxg6 33. e5+ 1-0

[Event "World Junior Championship (Girls)"]
[Site "Chotowa POL"]
[Date "2010.08.13"]
[EventDate "2010.08.03"]
[Round "10"]
[Result "0-1"]
[White "Giulia Tonel"]
[Black "Kubra Ozturk"]
[WhiteElo "2001"]
[BlackElo "2286"]
[PlyCount "106"]

1. e4 e5 2. Nf3 Nc6 3. Nc3 Nf6 4. g3 d5 5. exd5 Nxd5 6. Bg2
Nxc3 7. bxc3 Be7 8. d3 O-O 9. O-O Bg4 10. h3 Bh5 11. g4 Bg6
12. d4 exd4 13. cxd4 Nb4 14. a3 Nd5 15. c4 Nb6 16. Qb3 c5
17. Bb2 Qc7 18. Rfe1 Rfe8 19. Rad1 Rad8 20. Ne5 Bd6 21. Nxg6
hxg6 22. dxc5 Bxc5 23. Rxd8 Rxd8 24. Be5 Qc8 25. Bg3 Qd7
26. Qb5 Bxa3 27. Qxd7 Rxd7 28. Re8+ Kh7 29. Rb8 Nxc4 30. Rxb7
Rxb7 31. Bxb7 Kg8 32. Ba6 Nd2 33. Bf4 Nf3+ 34. Kg2 Ne1+
35. Kf1 Nc2 36. Ke2 Bc5 37. Be5 Kf8 38. Bd3 Nb4 39. Bb5 f6
40. Bc3 Nd5 41. Bd2 Ke7 42. f4 Bb4 43. Bxb4+ Nxb4 44. h4 f5
45. Kf3 Nd5 46. Bc4 fxg4+ 47. Kg3 Ne3 48. Bd3 Kf6 49. Ba6 Kf7
50. Bb5 a5 51. Ba4 Kf6 52. Bb5 Nd5 53. Kxg4 Nc3 0-1

[Event "World Junior Championship (Girls)"]
[Site "Chotowa POL"]
[Date "2010.08.14"]
[EventDate "2010.08.03"]
[Round "11"]
[Result "1-0"]
[White "Kubra Ozturk"]
[Black "Marianna Chierici"]
[WhiteElo "2286"]
[BlackElo "2016"]
[PlyCount "123"]

1. d4 f5 2. c4 e6 3. g3 Nf6 4. Bg2 c6 5. Nh3 Be7 6. O-O O-O
7. b3 d6 8. Bb2 Na6 9. Nd2 d5 10. Nf4 Nc7 11. Nd3 Bd7 12. Nf3
Nce8 13. Nfe5 Nd6 14. Qc2 Be8 15. c5 Nf7 16. b4 Nxe5 17. dxe5
Ng4 18. h3 Nh6 19. Bd4 g5 20. Qd2 Bd7 21. Rfb1 Kh8 22. a4 a6
23. Ra3 Qe8 24. f3 Qg6 25. f4 g4 26. h4 Qh5 27. Bf2 Rg8
28. Ne1 Nf7 29. Nc2 Rg6 30. Rab3 Rag8 31. Qe1 Qh6 32. Nd4 Bxh4
33. gxh4 Qxf4 34. e3 Qxe5 35. Bg3 Qf6 36. Ne2 e5 37. b5 axb5
38. axb5 Nd8 39. bxc6 bxc6 40. Qc3 Re8 41. Rb8 Nf7 42. Rxe8+
Bxe8 43. Rb8 Rg8 44. Rb7 h6 45. Qb2 Kh7 46. Qxe5 Kg7 47. Nd4
Qxe5 48. Bxe5+ Kg6 49. Re7 Nxe5 50. Rb7 Nf7 51. Re7 Ne5
52. Rxe5 Bd7 53. Nxc6 Kh5 54. Ne7 Rb8 55. Nxf5 Bxf5 56. Rxf5+
Kxh4 57. Bxd5 Kg3 58. Kf1 h5 59. Rxh5 Rb1+ 60. Ke2 Re1+
61. Kd3 Rxe3+ 62. Kd4 1-0

[Event "World Junior Championship (Girls)"]
[Site "Chotowa POL"]
[Date "2010.08.15"]
[EventDate "2010.08.03"]
[Round "12"]
[Result "1/2-1/2"]
[White "Kubra Ozturk"]
[Black "Veronika Exler"]
[WhiteElo "2286"]
[BlackElo "2143"]
[PlyCount "160"]

1. d4 Nf6 2. Nf3 g6 3. c4 Bg7 4. g3 O-O 5. Bg2 d5 6. cxd5 Nxd5
7. O-O Nc6 8. e4 Nb6 9. d5 Na5 10. Nc3 c6 11. Re1 cxd5
12. Nxd5 Nac4 13. Bg5 Nxd5 14. exd5 Nxb2 15. Qb3 Qb6 16. Bxe7
Qxb3 17. axb3 Nd3 18. Bxf8 Kxf8 19. Red1 Bxa1 20. Rxa1 Bd7
21. Bf1 Nb4 22. Ne5 Bf5 23. Bg2 a6 24. g4 Bc2 25. d6 Rd8
26. Ra4 Nc6 27. Bxc6 bxc6 28. Rc4 Bxb3 29. Rxc6 a5 30. Ra6 a4
31. g5 Be6 32. f4 a3 33. Rxa3 Rxd6 34. Kf2 Rd8 35. Kg3 Kg7
36. h4 h5 37. Ra7 Rf8 38. Kf3 Kg8 39. Re7 Bf5 40. Ke3 Kg7
41. Ra7 Be6 42. Re7 Bf5 43. Nc4 Rd8 44. Ne5 Rf8 45. Rc7 Be6
46. Nc6 Rc8 47. Rxc8 Bxc8 48. Kd4 f6 49. Kd5 fxg5 50. fxg5 Bf5
51. Nd4 Bh3 52. Kd6 Kf7 53. Nc6 Bf5 54. Ne5+ Ke8 55. Nc4 Kf7
56. Ne5+ Ke8 57. Nc4 Kf7 58. Ne3 Bh3 59. Ke5 Ke7 60. Nd5+ Kf7
61. Nf4 Bg4 62. Kd6 Bf5 63. Ng2 Bg4 64. Ne3 Bh3 65. Kd5 Kg7
66. Kd6 Kf7 67. Nc4 Bf5 68. Ne3 Bh3 69. Ke5 Ke7 70. Nd5+ Kf7
71. Nf4 Bg4 72. Kd6 Bf5 73. Ng2 Bg4 74. Ne3 Bh3 75. Nd5 Bf5
76. Ne7 Bh3 77. Nc6 Bf5 78. Ne7 Bh3 79. Nc6 Bf5 80. Ne7 Bh3
1/2-1/2

[Event "World Junior Championship (Girls)"]
[Site "Chotowa POL"]
[Date "2010.08.16"]
[EventDate "2010.08.03"]
[Round "13"]
[Result "0-1"]
[White "Inna Agrest"]
[Black "Kubra Ozturk"]
[WhiteElo "2174"]
[BlackElo "2286"]
[PlyCount "114"]

1. e4 e5 2. Nf3 Nc6 3. Bb5 a6 4. Ba4 Nf6 5. O-O b5 6. Bb3 Bb7
7. c3 Nxe4 8. d4 Be7 9. dxe5 Nc5 10. Bc2 d6 11. exd6 cxd6
12. Re1 O-O 13. b4 Nd7 14. Qd3 g6 15. Bh6 Nce5 16. Nxe5 Nxe5
17. Qd4 Bf6 18. Qf4 Re8 19. Nd2 Rc8 20. Re3 Nd7 21. Bb3 Rxe3
22. fxe3 Qe7 23. Rf1 Rxc3 24. Nf3 d5 25. Rd1 Bg7 26. Bxg7 Kxg7
27. Qd4+ Qf6 28. Qd2 Ne5 29. Nd4 Rd3 30. Qe2 Rxd1+ 31. Qxd1
Nc4 32. Qe1 Qe5 33. Nc2 Bc8 34. Bxc4 dxc4 35. Nd4 Bb7 36. Qc3
f6 37. Qd2 Qe4 38. Nf3 Bd5 39. Kf2 g5 40. Ne1 Qe5 41. a3 Be4
42. Qd7+ Kg6 43. Nf3 Bxf3 44. gxf3 Qxh2+ 45. Kf1 Qe5 46. e4 h5
47. Qc8 g4 48. Qg8+ Kh6 49. fxg4 Qf4+ 50. Ke1 Qxe4+ 51. Kf2
Qd4+ 52. Ke1 Qg1+ 53. Kd2 Qxg4 54. Qd8 Qf4+ 55. Kc2 Qf2+
56. Kc1 Qe3+ 57. Kb2 Qb3+ 0-1

[Event "Chess Olympiad (Women)"]
[Site "Khanty-Mansiysk RUS"]
[Date "2010.09.23"]
[EventDate "2010.09.21"]
[Round "3"]
[Result "0-1"]
[White "Amanda Marques Pereira"]
[Black "Kubra Ozturk"]
[WhiteElo "1980"]
[BlackElo "2235"]
[PlyCount "104"]

1. e4 e5 2. Nf3 Nc6 3. Bb5 a6 4. Ba4 Nf6 5. d3 Bd6 6. c3 b5
7. Bc2 Be7 8. O-O O-O 9. Re1 h6 10. Nbd2 Re8 11. Nf1 Bf8
12. Ng3 d5 13. d4 Bg4 14. Be3 exd4 15. Bxd4 Nxd4 16. Qxd4 c5
17. Qd3 dxe4 18. Qxd8 Raxd8 19. Nxe4 Nd5 20. Ned2 Be6 21. h3
g6 22. Rad1 Kg7 23. Ne5 Nf4 24. Nb3 Bd5 25. f3 Bd6 26. Ng4 h5
27. Ne3 Ba8 28. Kf2 Kf8 29. h4 Be7 30. g3 Ne6 31. Nd2 c4
32. Ne4 f5 33. Nd2 Bc5 34. b4 Bb6 35. f4 Nc7 36. Nf3 Nd5
37. Ne5 Nxe3 38. Rxe3 Rxd1 39. Bxd1 Rd8 40. Be2 Kg7 41. Nf3
Be4 42. Nd4 Rxd4 43. cxd4 Bxd4 44. Bd1 c3 45. Ke2 Bxe3
46. Kxe3 c2 47. Bxc2 Bxc2 48. Kd4 Kf6 49. Kc5 Ke6 50. Kb6 Kd5
51. Kxa6 Bd3 52. Ka5 Ke4 0-1

[Event "Chess Olympiad (Women)"]
[Site "Khanty-Mansiysk RUS"]
[Date "2010.09.24"]
[EventDate "2010.09.21"]
[Round "4"]
[Result "1-0"]
[White "Kubra Ozturk"]
[Black "Marie Frank-Nielsen"]
[WhiteElo "2235"]
[BlackElo "2036"]
[PlyCount "91"]

1. d4 Nf6 2. c4 g6 3. Nf3 Bg7 4. g3 d6 5. Bg2 O-O 6. O-O Nc6
7. Nc3 a6 8. e4 Bg4 9. Be3 Nd7 10. Ne2 Na5 11. Nd2 c5 12. f3
cxd4 13. Nxd4 e5 14. N4b3 Be6 15. Rc1 Rc8 16. Qe2 Nc6 17. Rfd1
Qe7 18. Nb1 Nc5 19. f4 f5 20. exf5 gxf5 21. fxe5 Nxb3 22. axb3
dxe5 23. Nc3 e4 24. Nd5 Qf7 25. Nf4 Rfd8 26. Qf2 Ne5 27. h3
Nd3 28. Nxd3 Rxd3 29. Rxd3 exd3 30. Rd1 b5 31. c5 Bxb3
32. Rxd3 Bc4 33. Rd6 Bf8 34. Rxa6 Bd5 35. b4 Bxg2 36. Qxg2 Qb3
37. Qa2 Qxa2 38. Rxa2 Bg7 39. Ra5 Be5 40. Rxb5 Bxg3 41. Rb7
Be1 42. Bd4 Rd8 43. c6 Rxd4 44. c7 Rc4 45. b5 Ba5 46. Rb8+ 1-0